000 00329nam a22001337a 4500
082 _a891.4391 BUK
100 _aBukhari Karamat
245 _aYadoon ka perahan
260 _aLahore
_bClassic and Mawra Publishers
_c1994
300 _a168
_bH.B
650 _aYadoon ka perahan
700 _aKaramat Bukhari
942 _cBK
999 _c490620
_d490620